路線名 一覧クイズ 山形県 - Statistics

General Stats
  • This quiz has been taken 71 times
  • The average score is 7 of 8
Answer Stats
事業者名 答え 区間 % Correct
JR東日本 奥羽本線 板谷~及位
100%
JR東日本 羽越本線 鼠ケ関~女鹿
92%
JR東日本 仙山線 山形~面白山高原
90%
JR東日本 米坂線 米沢~小国
90%
JR東日本 陸羽西線(奥の細道最上川ライン) 新庄~余目(全線)
89%
JR東日本 左沢線(フルーツライン) 北山形~左沢(全線)
87%
JR東日本 陸羽東線(奥の細道湯けむりライン) 新庄~堺田
83%
三セク フラワー長井線(山形鉄道) 赤湯~荒砥(全線)
78%
No matching quizzes found
Score Distribution
Percent of People with Each Score
Percentile by Number Answered
Your Score History
You have not taken this quiz